000 00870nam a22002297a 4500
999 _c13836
_d13836
003 AR-CdUCM
008 190416b ||||| |||| 00| 0 spa d
020 _a9972-34-731-1
040 _aMUNICIPALIDAD PROVINCIAL DEL CUSCO
_cBIBLIOTECA MUNICIPAL DEL CUSCO
082 _aEP / 803 /
_bC75
100 _aColchado Lucio, Óscar
_913556
245 _aRosa cuchillo :
_bParte mítica /
260 _aLima :
_bEditorial San Marcos,
_c2006.
300 _a193 paginas ;
_c20 cm.
440 _aColección con el filo de la oreja inquieta.
_932402
500 _aColección dirigida por Gladys Flores Heredia.
505 _aContenido :¿Que es lo andino? -- Sobre Rosa cuchillo -- Con tal que no tiembles -- Por la ruta de Rosa cuchillo -- El panteón andino ...
650 _aCuentos
_9217
650 _aHistorietas
_910786
942 _2ddc
_cLIBROS
945 _arum
_d2019-04-16